Pendikspor Squad 2023-2024 - Statistics

General Stats
  • This quiz has been taken 12 times
    8 since last reset
  • The average score is 10 of 38
Answer Stats
# Position Nation Player % Correct
17 FW Turkey Umut Nayir
88%
27 FW Senegal Mame Thiam
75%
1 GK Turkey Erdem Canpolat
63%
18 MF Norway Fredrik Midtsjø
63%
11 FW Turkey Halil Akbunar
63%
5 MF Senegal Badou Ndiaye
50%
10 MF Paraguay Óscar Romero
50%
34 FW Brazil Thuram
50%
15 MF Syria Aias Aosman
38%
66 MF DR Congo Arnaud Lusamba
38%
- Coach Portugal Ivo Vieira
38%
4 MF Croatia Josip Vuković
38%
7 FW Suriname Leandro Kappel
38%
23 DF Brazil Welinton
38%
21 FW Mali Abdoulay Diaby
25%
33 DF Turkey Alpaslan Öztürk
25%
8 MF Albania Endri Cekici
25%
22 DF Turkey Erdem Özgenç
25%
99 FW Turkey Erencan Yardımcı
25%
- Coach Turkey İbrahim Üzülmez
25%
6 DF Portugal Sequeira
25%
19 FW Egypt Ahmed Hassan
13%
90 FW Nigeria Emeka Eze
13%
3 DF Turkey Emre Taşdemir
13%
78 MF Turkey Erdem Çalık
13%
24 MF Turkey İbrahim Akdağ
13%
14 DF Senegal Khadim Rassoul
13%
70 FW Turkey Melih Güney
13%
- Coach Turkey Osman Özköylü
13%
61 DF Turkey Serkan Asan
13%
20 DF Turkey Berkay Sülüngöz
0%
35 GK Turkey Burak Öğür
0%
25 MF Turkey Efe Sayhan
0%
58 MF Turkey Gökcan Kaya
0%
9 FW Turkey Görkem Bitin
0%
13 DF Turkey Murat Akça
0%
76 GK Turkey Murat Akşit
0%
15 DF Turkey Umut Mert Toy
0%
No matching quizzes found
Score Distribution
Percent of People with Each Score
Percentile by Number Answered
Your Score History
You have not taken this quiz since the last reset